Modelling greenhouse gas emissions from Scottish housing (Record no. 110121)

MARC details
000 -LEADER
fixed length control field 01374cad a22002775a 4500
001 - CONTROL NUMBER
control field E148600
008 - FIXED-LENGTH DATA ELEMENTS--GENERAL INFORMATION
fixed length control field 091012s2009 xxk f s000 0 eng d
020 ## - INTERNATIONAL STANDARD BOOK NUMBER
International Standard Book Number 9780755976713
035 ## - SYSTEM CONTROL NUMBER
System control number (Sirsi) u148600
041 0# - LANGUAGE CODE
Language code of text/sound track or separate title eng
050 04 - LIBRARY OF CONGRESS CALL NUMBER
Classification number 333.72 $2 18
110 2# - MAIN ENTRY--CORPORATE NAME
Corporate name or jurisdiction name as entry element Cambridge Architectural Research Ltd.
9 (RLIN) 3494
245 00 - TITLE STATEMENT
Title Modelling greenhouse gas emissions from Scottish housing
Remainder of title final report
Medium [electronic resource]
260 ## - PUBLICATION, DISTRIBUTION, ETC.
Place of publication, distribution, etc. Edinburgh
Name of publisher, distributor, etc. Scottish Government Social Research
Date of publication, distribution, etc. 2009
505 2# - FORMATTED CONTENTS NOTE
Formatted contents note Introduction -- Summary literature review -- Critique of BREDEM12 energy model -- Specification of DEMSCOT -- Economics modelling and consideration -- Critical appraisal of model -- Scenario modelling -- Moving forward -- Appendices
520 ## - SUMMARY, ETC.
Summary, etc. Presents the results of research aimed at developing a model which would allow the Scottish Government to assess the results of various policies aimed at cutting CO2 emissions from housing.
521 ## - TARGET AUDIENCE NOTE
Target audience note Advanced
590 ## - LOCAL NOTE (RLIN)
Local note KA
651 #4 - SUBJECT ADDED ENTRY--GEOGRAPHIC NAME
Geographic name Scotland
Chronological subdivision 1999-
690 ## - LOCAL SUBJECT ADDED ENTRY--TOPICAL TERM (OCLC, RLIN)
Topical term or geographic name as entry element ENVIRONMENTAL AND LAND CONSULTANCY-ENERGY-ENERGY USE-ENERGY EFFICIENCY
710 1# - ADDED ENTRY--CORPORATE NAME
Corporate name or jurisdiction name as entry element Cambridge Econometrics
9 (RLIN) 2154
710 1# - ADDED ENTRY--CORPORATE NAME
Corporate name or jurisdiction name as entry element Roger Talbot & Associates Ltd
710 1# - ADDED ENTRY--CORPORATE NAME
Corporate name or jurisdiction name as entry element Alembic Research
856 40 - ELECTRONIC LOCATION AND ACCESS
Uniform Resource Identifier <a href="https://www.scotland.gov.uk/Publications/2009/10/08143041/0">https://www.scotland.gov.uk/Publications/2009/10/08143041/0</a>
Public note View the report free of charge at www.scotland.gov.uk...
942 ## - ADDED ENTRY ELEMENTS (KOHA)
Suppress in OPAC 0
Holdings
Withdrawn status Lost status Source of classification or shelving scheme Damaged status Not for loan Home library Current library Shelving location Date acquired Total Checkouts Full call number Barcode Date last seen Copy number Price effective from Koha item type
    Dewey Decimal Classification     Virtual Virtual Online 12/10/2009   ONLINE PUBLICATION 148600-2001 06/08/2019 1 06/08/2019 Book